| 000 | 00882nac a22002651i 4500 | ||
|---|---|---|---|
| 003 | EG-ScBUE | ||
| 005 | 20240911112032.0 | ||
| 008 | 240911s1960 nyua f 000 0 eng d | ||
| 035 | _a(OCoLC)7265966 | ||
| 040 |
_aEG-ScBUE _beng _erda _cEG-ScBUE _dEG-ScBUE |
||
| 082 | 0 | 4 |
_a510.4 _bSUT _222 |
| 100 | 1 |
_aSutton, O. G., _eauthor. |
|
| 245 | 1 | 0 |
_aMathematics in action / _cby O. G. Sutton ; with drawings and diagrams by A. J. Laurie. |
| 264 | 1 |
_aNew York : _bHarper & brothers, _c1960. |
|
| 300 |
_a236 pages : _billustrations ; _c23 cm |
||
| 336 |
_2rdacontent _atext _btxt |
||
| 337 |
_aunmediated _2rdamedia _bn |
||
| 338 |
_avolume _bnc _2rdacarrier |
||
| 650 | 7 |
_aMathematics. _2BUEsh |
|
| 650 | 7 |
_aMathematical physics. _2BUEsh |
|
| 655 | _vReading book | ||
| 700 | 1 |
_aLaurie, A. J., _eillustrator. |
|
| 942 |
_cBB _2ddc |
||
| 999 |
_c1808 _d1808 |
||